LEADER 01333cam0-22004451i-450 001 990003100690403321 005 20181015120552.0 035 $a000310069 035 $aFED01000310069 035 $a(Aleph)000310069FED01 035 $a000310069 100 $a20030910d1976----km-y0itay50------ba 101 1 $aita$ceng 102 $aIT 105 $ay-------101yy 200 1 $aInediti sulla crisi$fJ. M. Keynes$ga cura di Mauro Gobbini 210 $aRoma$cIstituto della Enciclopedia Italiana$d1976 215 $a166 p.$d17 cm 225 1 $aBibliotheca biographica$v15 300 $aContiene il testo di parte del dibattito della Tavola rotonda tenuta alla Norman Wait Harris foundation di Chicago nel 1931 676 $aD/8.11 676 $aF/5 700 1$aKeynes,$bJohn Maynard$f<1883-1946>$034099 702 1$aGobbini,$bMauro 801 0$aIT$bUNINA$gRICA$2UNIMARC 901 $aBK 912 $a990003100690403321 952 $aD/8.11 KEY$b7409/I$fSES 952 $aD/8.11 KEY$b8701/I$fSES 952 $aSE 27B.01.43-$b93$fDECSE 952 $aCOLLEZ. 1150 (15)$b11320$fFSPBC 952 $aCOLLEZ. 356 (15)$b108720$fFGBC 952 $aXV G1 33$fDTE 952 $aDTE 959 $aSES 959 $aDECSE 959 $aFGBC 959 $aFSPBC 996 $aInediti sulla crisi$9459609 997 $aUNINA LEADER 03384nam 22007935 450 001 9910298963103321 005 20251113180855.0 010 $a981-10-0080-8 024 7 $a10.1007/978-981-10-0080-5 035 $a(CKB)3710000000521576 035 $a(SSID)ssj0001584317 035 $a(PQKBManifestationID)16265661 035 $a(PQKBTitleCode)TC0001584317 035 $a(PQKBWorkID)14865721 035 $a(PQKB)10562429 035 $a(DE-He213)978-981-10-0080-5 035 $a(MiAaPQ)EBC6303603 035 $a(MiAaPQ)EBC5579779 035 $a(Au-PeEL)EBL5579779 035 $a(OCoLC)932171419 035 $a(PPN)190535350 035 $a(EXLCZ)993710000000521576 100 $a20151111d2015 u| 0 101 0 $aeng 135 $aurnn|008mamaa 181 $ctxt 182 $cc 183 $acr 200 10$aSocial Media Processing $e4th National Conference, SMP 2015, Guangzhou, China, November 16-17, 2015, Proceedings /$fedited by Xichun Zhang, Maosong Sun, Zhenyu Wang, Xuanjing Huang 205 $a1st ed. 2015. 210 1$aSingapore :$cSpringer Nature Singapore :$cImprint: Springer,$d2015. 215 $a1 online resource (XIV, 242 p. 76 illus. in color.) 225 1 $aCommunications in Computer and Information Science,$x1865-0937 ;$v568 300 $aBibliographic Level Mode of Issuance: Monograph 311 08$a981-10-0079-4 330 $aThis book constitutes the thoroughly refereed papers of the 4th National Conference of Social Media Processing, SMP 2015, held in Guangzhou, China, in November 2015. The 14 revised full papers and 9 short papers presented were carefully reviewed and selected from 105 submissions. The papers address issues such as: mining social media and applications; natural language processing; data mining; information retrieval; emergent social media processing problems. 410 0$aCommunications in Computer and Information Science,$x1865-0937 ;$v568 606 $aArtificial intelligence 606 $aData mining 606 $aInformation storage and retrieval systems 606 $aComputer science 606 $aSocial sciences$xData processing 606 $aArtificial Intelligence 606 $aData Mining and Knowledge Discovery 606 $aInformation Storage and Retrieval 606 $aTheory of Computation 606 $aComputer Application in Social and Behavioral Sciences 615 0$aArtificial intelligence. 615 0$aData mining. 615 0$aInformation storage and retrieval systems. 615 0$aComputer science. 615 0$aSocial sciences$xData processing. 615 14$aArtificial Intelligence. 615 24$aData Mining and Knowledge Discovery. 615 24$aInformation Storage and Retrieval. 615 24$aTheory of Computation. 615 24$aComputer Application in Social and Behavioral Sciences. 676 $a006.7 702 $aZhang$b Xichun$4edt$4http://id.loc.gov/vocabulary/relators/edt 702 $aSun$b Maosong$4edt$4http://id.loc.gov/vocabulary/relators/edt 702 $aWang$b Zhenyu$4edt$4http://id.loc.gov/vocabulary/relators/edt 702 $aHuang$b Xuanjing$4edt$4http://id.loc.gov/vocabulary/relators/edt 801 0$bMiAaPQ 801 1$bMiAaPQ 801 2$bMiAaPQ 906 $aBOOK 912 $a9910298963103321 996 $aSocial Media Processing$92111564 997 $aUNINA